India and the major powers after pokhram ii / (Record no. 124597)
[ view plain ]
| 000 -LEADER | |
|---|---|
| fixed length control field | 00640nam a22002177a 4500 |
| 005 - DATE AND TIME OF LATEST TRANSACTION | |
| control field | 20170828163302.0 |
| 010 ## - LCCN (DPL NO) | |
| LC control number | B-59506 |
| 020 ## - INTERNATIONAL STANDARD BOOK NUMBER | |
| Terms of availability | 00.00 |
| 035 ## - SYSTEM CONTROL NUMBER | |
| System control number | B-059506 |
| 037 ## - SOURCE OF ACQUISITION | |
| Source of stock number/acquisition | Cen Lib/Ret |
| 082 ## - DEWEY DECIMAL CLASSIFICATION NUMBER | |
| Classification number | 327.54 |
| Edition number | NAY |
| 100 ## - MAIN ENTRY--PERSONAL NAME | |
| Personal name | Nayar, Baldev Raj |
| 245 ## - TITLE STATEMENT | |
| Title | India and the major powers after pokhram ii / |
| Statement of responsibility, etc | by Baldev Raj Nayar |
| 260 ## - PUBLICATION, DISTRIBUTION, ETC. (IMPRINT) | |
| Place of publication, distribution, etc | New Delhi |
| Name of publisher, distributor, etc | Har-anand publications |
| Date of publication, distribution, etc | 2001 |
| 270 ## - ADDRESS | |
| City | New Delhi |
| Address | D-9, Anand niketan |
| Postal code | 110021 |
| 300 ## - PHYSICAL DESCRIPTION | |
| Extent | 208. |
| Dimensions | 21cm(Hb) |
| 500 ## - GENERAL NOTE | |
| General note | Includes appendix |
| 650 ## - SUBJECT ADDED ENTRY--TOPICAL TERM | |
| Topical term or geographic name as entry element | International relations |
| Chronological subdivision | |
| 650 ## - SUBJECT ADDED ENTRY--TOPICAL TERM | |
| Topical term or geographic name as entry element | Roreign policy |
| 942 ## - ADDED ENTRY ELEMENTS (KOHA) | |
| Source of classification or shelving scheme | Dewey Decimal Classification |
| Item type | English Books |
| Classification part | 327.54 |
| Call number suffix | NAY |
| Withdrawn status | Lost status | Not for loan | Collection code | Home library | Current library | Date acquired | Source of acquisition | Cost, normal purchase price | Full call number | Barcode | Copy number | Cost, replacement price | Koha item type |
|---|---|---|---|---|---|---|---|---|---|---|---|---|---|
| Not For Loan | Reference | Central Library | Central Library | 17/06/2015 | Cen Lib/Ret | 0.00 | 327.54 NAY | B-059506 | 1 | 0.00 | English Books |
